Quiz One Piece pour les experts du manga - Statistiques

Statistiques générales
  • Ce quiz a été pris 2 749 fois
    2 742 depuis la dernière actualisation
  • Le résultat moyen est 9 sur 35
Statistiques - réponses
Question Réponse % Correct
Lors de la rencontre à Mock Town entre Luffy et Teach ce dernier adore un aliment à la différence de Luffy. Quel est-il ? Une tarte à la cerise
71%
De quelle mer est originaire Trafalgar Law ? Northblue
51%
Quel âge a Usopp (après ellipse) ? 19
50%
Lequel de ces personnages n'est pas officiellement un médecin ? Ivankov
50%
Durant l'ellipse des 2 ans Kobby devient un héros en protégeant les citoyens d'un incident perpétré par Law. Quel est il ? Incident de Rocky Port
49%
Dans un premier temps sur Punk Hazard quel membre du chapeau de paille et prisonnier dans le corps de Franky suite au shambles de Law ? Nami
47%
De quelle couleur est vêtu Niji Vinsmoke ? Bleu
44%
Quelle est la date de naissance de Luffy ? 5 Mai
43%
Le premier musicien apparu dans le manga est un homme poisson. Vrai
43%
Qui est l'explorateur et écrivain du livre intitulé "Brag Men" ? Louis Arnote
39%
Ripper est un officier de la marine. Vrai
32%
Complétez cette célèbre citation d'Ener "Ce n'est pas Dieu que les hommes craignent... ...c'est la peur que celui ci incarne"
31%
Quelle marine escorte Rebecca et Riku à la Rêverie ? Kobby
30%
Du Feld est le patron d'une entreprise funéraire. Faux
29%
Combien y'a t'il de flotte dans l'équipage de Barbe Blanche ? 16
26%
De quelle couleur sont les escargophones servant à brouiller les système d'écoutes de communications ? Blanc
26%
À combien s'élève la prime de Don Sai ? 210 millions de berrys
21%
À combien s'élève la prime de Kerry Funk ? 57 millions de berrys
20%
De quelle flotte de l'équipage de Barbe Blanche l'homme poisson Namur est-il le commandant ? 8ème
20%
Compléter les paroles de cette célèbre chanson "Le bon rhum de binks" : "Je m'en vais de bon matin livrer le bon rhum de binks chuis un pirate j'passe mon temps à dompter l'océan... Les vagues sont mon lit douillets "
19%
À quelle âge Doflamingo assassine t il froidement son père ? 10 ans
18%
À combien s'élèvait la prime de Gol D Roger ? 5.564.800.000 berrys
18%
Dans le chapitre 91 avant d'arriver sur Loguetown Nami évoque un coup d'état qui a eu lieu dans un certain pays. Lequel est il ? Villa
16%
Combien de filles possède Big Mom ? 39
14%
Lequel de ces vices amiraux n'a pas été déployé lors du buster call d'Enies Lobby ? Stainless
14%
Lequel de ces fruits du démon n'existe pas ? Fruit du dinosaure version Tyrannosaure
13%
Lequel de ces agents de Baroque Works n'est jamais apparu dans le manga ? Mr 12
13%
Comment s'appelle l'allié de Barbe Blanche qui porte une cape en fourrure de Panda ? Palms
13%
Comment s'appelle l'arbre zombie auquel Luffy a proposé de rejoindre son équipage ? Mocdonald
12%
Combien de temps a duré le combat opposant Ace à Jinbe ? 5 jours
11%
Comment s'appelle le 16e fils de la famille Charlotte ? Moscato
11%
Comment se nomme le bar de Shakky sur Sabaody ? Ripp-off bar
11%
Par combien de balles Barbe Blanche a t-il été criblé de balles au total durant la guerre de Marineford jusqu'à sa mort ? 152
9%
Comment s'appelle l'informateur du Spade ? Skull
8%
Comment s'appelle le père biologique de Sabo ? Outlook III
6%
Aucun quiz correspondant
Distribution des résultats
% des personnes avec chaque résultat
Percentile par nombre de réponses
Votre historique - résultats
Vous n’avez pas pris ce quiz depuis la dernière actualisation